000 00267 a2200109 4500
005 20250606103209.0
020 _a978-81-203-2853-2
100 _aBOSE, D. C
245 _aInventory Management
260 _aNew Delhi
_bPhi Learning Private Limited
_c2010
942 _2ddc
_cBKS
999 _c3298
_d3298